00374nam a2200133Ia 4500003000400000005001700004008004100021040000900062082001900071100001400090245006600104260006100170300000900231OSt20200124160131.0190216s9999||||xx |||||||||||||| ||und|| coclc a658.421bVIN/E aVinod, A 0aEntrepreneurial Development And Project Management /cA Vinod bCalicut University Central Co-Operative,c2003.aKannur: a416p